000 00902nas a2200313 4500
001 BR2013008574
003 BR-BrBNA
005 20231205123127.0
007 ta
008 230509b bl.|||p| |||| 00| 00por d
040 _aBR-BrBNA
_bpor
_cBiblioteca Nacional de Agricultura
041 _a(En)
072 _aH20
100 1 _aGalatti, F. de S.
100 1 _aFranco, A.J.
100 1 _aIto, L.A.
100 1 _aCharlo, H. de O.
100 1 _aGaion, L.A.
100 1 _aBraz, L.T.
245 1 _aRootstocks resistant to Meloidogyne incognita and compatibility of grafting in net melon
650 _aMELÃO
650 _aCUCUMIS MELO
650 _aPORTA ENXERTO
650 _aGENÓTIPO
650 _aNEMATOIDE
773 0 _tRevista Ceres (Brazil)
_xISSN 0034-737X
_g(May-Jun 2013), v. 60(3) p. 432-436
_wBR2013008574
909 _a202311
_bLúcia
_c55
_dLúcia Elande
942 _2AGRIS
_n0
_cANA
999 _c232307
_d232307